| 000 | 01528cam a2200241 4500 | ||
|---|---|---|---|
| 001 | ABS64400 | ||
| 008 | 010813n2001 000 0 eng u | ||
| 035 | _a(Sirsi) u114072 | ||
| 100 | _aShaw, E. | ||
| 245 | _aWoolf reforms bite at dilapidations | ||
| 260 | _c2001 | ||
| 490 |
_aCSM (Chartered Surveyor Monthly) _v(7&8) 2001, 34-35(2) |
||
| 520 | _aExamines the role of the new Civil Procedure Rules and the need to consider the application of pre-action protocols in dilapidations disputes. Potentially CPR, intended to streamline adjudication, could complicate the settling of disputes in dilapidations. Most dilapidations cases are settled out of court but they still need to be enforceable in court. However dilapidations cases tend to conflict with the CPR intention to reduce the number of experts of having one court-appointed expert rather than one per party. Surveyors have also tended to act as advisors to their clients and then become expert witnesses during the proceedings, leaving them open to questions on their impartiality. Those involved, practitioners, landlords and tenants will have to reconsider how they approach dilapidations issues if they are to avoid criticism for failing to abide by the intentions of the new rules. | ||
| 590 | _aABS | ||
| 650 | _aCIVIL PROCEDURE RULES | ||
| 650 | _aWOOLF REFORMS | ||
| 650 |
_aDISPUTE RESOLUTION _96236 |
||
| 650 | _aLITIGATION | ||
| 650 | _aPROFESSIONAL PRACTICE | ||
| 650 | _aBUILDING SURVEYORS | ||
| 690 |
_aDilapidations _96235 |
||
| 942 | _n0 | ||
| 999 |
_c67993 _d67993 |
||